<?xml version="1.0" encoding="UTF-8"?>
<record
    xmlns:xsi="http://www.w3.org/2001/XMLSchema-instance"
    xsi:schemaLocation="http://www.loc.gov/MARC21/slim http://www.loc.gov/standards/marcxml/schema/MARC21slim.xsd"
    xmlns="http://www.loc.gov/MARC21/slim">

  <leader>01035nam a22003017a 4500</leader>
  <controlfield tag="003">FranzMayer</controlfield>
  <controlfield tag="005">20250815183238.0</controlfield>
  <controlfield tag="008">250815b        |||||||| |||| 00| 0 eng d</controlfield>
  <datafield tag="040" ind1=" " ind2=" ">
    <subfield code="c">BMFM</subfield>
  </datafield>
  <datafield tag="050" ind1=" " ind2="4">
    <subfield code="a">N72.S6</subfield>
    <subfield code="b">P54</subfield>
  </datafield>
  <datafield tag="110" ind1="2" ind2=" ">
    <subfield code="a">Museo Franz Mayer.</subfield>
    <subfield code="b"> Arte y dise&#xF1;o.</subfield>
    <subfield code="9">30021</subfield>
  </datafield>
  <datafield tag="245" ind1=" " ind2=" ">
    <subfield code="a">Tesoros de china: </subfield>
    <subfield code="b">Porcelana y artes decorativas / </subfield>
    <subfield code="c">Franz Mayer. Arte y Dise&#xF1;o</subfield>
  </datafield>
  <datafield tag="260" ind1=" " ind2=" ">
    <subfield code="a">Benito Ju&#xE1;rez, Ciudad de M&#xE9;xico </subfield>
    <subfield code="b">ARGO, </subfield>
    <subfield code="c">2023</subfield>
  </datafield>
  <datafield tag="300" ind1=" " ind2=" ">
    <subfield code="a">179 p., </subfield>
    <subfield code="b">Fotograf&#xED;as a color</subfield>
    <subfield code="c">???</subfield>
  </datafield>
  <datafield tag="500" ind1=" " ind2=" ">
    <subfield code="a">Primera edici&#xF3;n </subfield>
  </datafield>
  <datafield tag="591" ind1=" " ind2=" ">
    <subfield code="a">Bueno</subfield>
  </datafield>
  <datafield tag="592" ind1=" " ind2=" ">
    <subfield code="a">Bueno</subfield>
  </datafield>
  <datafield tag="593" ind1=" " ind2=" ">
    <subfield code="a">Bueno</subfield>
  </datafield>
  <datafield tag="650" ind1=" " ind2=" ">
    <subfield code="a">Arte decorativo chino</subfield>
    <subfield code="9">30022</subfield>
  </datafield>
  <datafield tag="700" ind1="1" ind2=" ">
    <subfield code="a">Dimitrova, Radina</subfield>
    <subfield code="d">(1970-)</subfield>
    <subfield code="e">Autor</subfield>
    <subfield code="9">30023</subfield>
  </datafield>
  <datafield tag="700" ind1="1" ind2=" ">
    <subfield code="a">Villavicencio Garc&#xED;a, Abraham</subfield>
    <subfield code="e">Autor</subfield>
    <subfield code="9">30024</subfield>
  </datafield>
  <datafield tag="700" ind1="1" ind2=" ">
    <subfield code="a">Casanova Ciret, Raymundo,</subfield>
    <subfield code="e">Fot&#xF3;grafo</subfield>
    <subfield code="9">30025</subfield>
  </datafield>
  <datafield tag="700" ind1="1" ind2=" ">
    <subfield code="a">Rojo Alemdaro, Gabriel, </subfield>
    <subfield code="e">Fot&#xF3;grafo</subfield>
    <subfield code="9">30026</subfield>
  </datafield>
  <datafield tag="700" ind1="1" ind2=" ">
    <subfield code="a">Maldonado, Gabriela</subfield>
    <subfield code="e">Fot&#xF3;grafa</subfield>
    <subfield code="9">30027</subfield>
  </datafield>
  <datafield tag="710" ind1="1" ind2=" ">
    <subfield code="a">Museo Franz Mayer. Arte y Dise&#xF1;o</subfield>
    <subfield code="e">Producci&#xF3;n</subfield>
    <subfield code="9">30028</subfield>
  </datafield>
  <datafield tag="902" ind1=" " ind2=" ">
    <subfield code="a">KH</subfield>
  </datafield>
  <datafield tag="942" ind1=" " ind2=" ">
    <subfield code="2">lcc</subfield>
    <subfield code="c">B</subfield>
  </datafield>
  <datafield tag="999" ind1=" " ind2=" ">
    <subfield code="c">11085</subfield>
    <subfield code="d">11085</subfield>
  </datafield>
  <datafield tag="952" ind1=" " ind2=" ">
    <subfield code="0">0</subfield>
    <subfield code="1">0</subfield>
    <subfield code="2">lcc</subfield>
    <subfield code="4">0</subfield>
    <subfield code="7">0</subfield>
    <subfield code="a">BRCA</subfield>
    <subfield code="b">BRCA</subfield>
    <subfield code="d">2025-08-15</subfield>
    <subfield code="l">0</subfield>
    <subfield code="o">N72.S6 P54</subfield>
    <subfield code="p">CONT10242</subfield>
    <subfield code="r">2025-08-15 19:15:37</subfield>
    <subfield code="w">2025-08-15</subfield>
    <subfield code="y">B</subfield>
  </datafield>
</record>
